Music Quiz

Random Music or Rock Quiz

1960s Artists on Their Album Cover Quiz Stats

Quiz Updated Mar 7, 2014

Challenge
Share
Tweet
Score 0/25 Timer 07:00
10 Plays Today
Artist % Correct
Johnny Cash (At Folsom Prison)
94.1%
The Beatles (Yesterday and Today)
93.4%
The Jimi Hendrix Experience (Electric Ladyland)
89.1%
Simon & Garfunkel (Bookends)
88.4%
Bob Dylan (Highway 61 Revisited)
87.3%
The Beach Boys (Surfer Girl)
86.9%
The Rolling Stones (Rolling Stones No. 2)
79.6%
Aretha Franklin (Aretha Sings the Blues)
75.2%
The Supremes (Meet the Supremes)
74.5%
Roy Orbison (There is Only One Roy Orbison)
67.7%
The Who (The Who Sell Out)
59.4%
Van Morrison (Astral Weeks)
42.1%
B.B. King (My Kind of Blues)
40%
Artist % Correct
The Doors (Waiting for the Sun)
39.8%
Etta James (At Last)
38.6%
Isaac Hayes (Presenting Isaac Hayes)
37.8%
Leonard Cohen (Songs of Leonard Cohen)
32.5%
Jefferson Airplane (Surrealistic Pillow)
31%
The Kinks (Kinks)
30.8%
Donovan (What's Bin Did and What's Bin Hid)
29.4%
Cream (Goodbye)
25.7%
The Animals (The Best of The Animals)
25.4%
Creedence Clearwater Revival (Willy & The Poor Boys)
24.5%
The Mothers of Invention (Freak Out!)
23%
The Velvet Underground (The Velvet Underground)
18.1%

You're not logged in!

Compare scores with friends on all Sporcle quizzes.
Join for Free
OR
Log In

You Might Also Like...

Show Comments

Extras

Top Quizzes Today


Score Distribution

Your Account Isn't Verified!

In order to create a playlist on Sporcle, you need to verify the email address you used during registration. Go to your Sporcle Settings to finish the process.

Report this User

Report this user for behavior that violates our Community Guidelines.

Details: